Statistiques concernant Clubs de Ligue 1, Ligue 2 et National (2023-2024)

Cliquez ici pour prendre le quiz!

Statistiques générales

  • Ce quiz a été pris 417 fois
    (155 depuis la dernière actualisation)
  • Le résultat moyen est 38 sur 56

Statistiques - réponses

% Correct
Ligue 1Paris Saint-Germain
99%
Ligue 1Olympique de Marseille
97%
Ligue 1Olympique Lyonnais
96%
Ligue 1Stade Brestois
95%
Ligue 1Stade Rennais
95%
Ligue 1AS Monaco
94%
Ligue 1LOSC Lille
93%
Ligue 2AS Saint-Étienne
92%
Ligue 1RC Lens
92%
Ligue 1FC Nantes
91%
Ligue 1Clermont
88%
Ligue 1FC Lorient
88%
Ligue 1OGC Nice
88%
Ligue 1RC Strasbourg Alsace
88%
Ligue 1Toulouse
88%
Ligue 2Girondins de Bordeaux
86%
Ligue 2Paris FC
86%
Ligue 1FC Metz
85%
Ligue 1Le Havre
85%
Ligue 1Montpellier
84%
Ligue 2SCO Angers
80%
Ligue 1Stade de Reims
80%
Ligue 2AJ Auxerre
79%
NationalRed Star
73%
Ligue 2AC Ajaccio
71%
Ligue 2ESTAC Troyes
71%
NationalDijon FCO
70%
Ligue 2US Quevilly-Rouen
69%
Ligue 2SC Bastia
68%
Ligue 2USL Dunkerque
68%
NationalAS Nancy
67%
NationalNîmes Olympique
67%
Ligue 2Valenciennes
67%
Ligue 2Rodez
63%
Ligue 2EA Guingamp
62%
Ligue 2Pau FC
62%
Ligue 2SM Caen
62%
Ligue 2Amiens
61%
NationalFC Sochaux
60%
Ligue 2Grenoble F38
56%
Ligue 2FC Annecy
55%
NationalFC Rouen
55%
Ligue 2US Concarneau
54%
Ligue 2Stade Lavallois
50%
NationalUS Orléans
48%
NationalChamois Niortais
46%
NationalLe Mans
46%
NationalFC Martigues
43%
NationalFC Versailles
42%
NationalLB Châteauroux
42%
NationalGOAL FC
38%
NationalSO Cholet
31%
NationalUS Avranches
26%
NationalFC Villefranche Beaujolais
25%
NationalMarignane
16%
NationalSAS Épinal
7%

Distribution des résultats

Percentile par nombre de réponses

% des personnes avec chaque résultat

Votre développement - résultats

Vous n’avez pas pris ce quiz depuis la dernière actualisation